Britský zádrh v Ulsteri

Bibliographic Details
Main Authors: Baláž, Ján (Author), Major, John (Author)
Format: Article
Language:Slovak
Subjects:

MARC

LEADER 00000nab a2200000 a 4500
001 vtls000573180
003 SK-MaSNL
005 20260305001445.0
008 120929c1996 xo 0 slo
015 |a SNBRB19rr/mm-uuuuu 
035 |a CL0573318 
040 |a SNKBUCL  |b slo  |c SNKBUCL  |e AACR2 
041 0 |a slo 
044 |a xo  |c SK 
080 |a 323(410:416)  |2 1981 
100 1 |a Baláž, Ján  |4 aut  |9 269316 
245 1 0 |a Britský zádrh v Ulsteri  |c Ján Baláž 
650 0 7 |a vnútorná politika  |2 snkbucl  |9 970 
651 7 |a Veľká Británia  |2 snkbucl  |9 20930 
651 7 |a Severné Írsko  |2 snkbucl  |9 49302 
655 7 |a články z novín a časopisov  |2 snkbucl  |9 267496 
700 1 |a Major, John  |4 aut  |9 1340403 
773 0 |t Pravda  |g Roč. 6, č. 26 (1. 2. 1996), s. 12 
850 |a Slovenská národná knižnica v Martine  |a MTA001 
852 |a SNK  |b KIS3GCP 
958 |a RK 
992 |a RBX 
999 |c 3219537  |d 3221467